Exploring sand and the desert / (Запис № 494594)

МАРК-запис
000 -LEADER
fixed length control field 01685cam a2200421 a 4500
001 - CONTROL NUMBER
control field exploringsanddes00bitt
003 - CONTROL NUMBER IDENTIFIER
control field CaSfIA
005 - DATE AND TIME OF LATEST TRANSACTION
control field 20210118082200.0
007 - PHYSICAL DESCRIPTION FIXED FIELD--GENERAL INFORMATION
fixed length control field cr||||
008 - FIXED-LENGTH DATA ELEMENTS--GENERAL INFORMATION
fixed length control field 930414s1993 waua j b 000 0 eng
010 ## - LIBRARY OF CONGRESS CONTROL NUMBER
LC control number 92062463
040 ## - CATALOGING SOURCE
Original cataloging agency DLC
Transcribing agency DLC
Modifying agency OCL
-- BAKER
-- BTCTA
-- OCLCQ
-- CNCGM
-- CaSfIA
020 ## - INTERNATIONAL STANDARD BOOK NUMBER
International Standard Book Number 0911019588
020 ## - INTERNATIONAL STANDARD BOOK NUMBER
International Standard Book Number 9780911019582
035 ## - SYSTEM CONTROL NUMBER
System control number (OCoLC)28083004
042 ## - AUTHENTICATION CODE
Authentication code lcac
050 00 - LIBRARY OF CONGRESS CALL NUMBER
Classification number GB611
Item number .B58 1993
050 14 - LIBRARY OF CONGRESS CALL NUMBER
Classification number QE471.2 .B57
082 00 - DEWEY DECIMAL CLASSIFICATION NUMBER
Classification number 551.4/15
Edition number 20
029 1# - (OCLC)
OCLC library identifier AU@
System control number 000010253540
100 1# - MAIN ENTRY--PERSONAL NAME
Personal name Bittinger, Gayle.
245 10 - TITLE STATEMENT
Title Exploring sand and the desert /
Medium [electronic resource]
Statement of responsibility, etc by Gayle Bittinger ; illustrations by Gary Mohrmann.
260 ## - PUBLICATION, DISTRIBUTION, ETC. (IMPRINT)
Place of publication, distribution, etc Everett, Wash :
Name of publisher, distributor, etc Warren Pub. House,
Date of publication, distribution, etc c1993.
300 ## - PHYSICAL DESCRIPTION
Extent 93, [3] p. :
Other physical details ill. ;
Dimensions 28 cm.
500 ## - GENERAL NOTE
General note "Totline books"--P. [96].
504 ## - BIBLIOGRAPHY, ETC. NOTE
Bibliography, etc Includes bibliographical references (p. 92-93).
506 ## - RESTRICTIONS ON ACCESS NOTE
Standardized terminology for access restriction Необхідна авторизація на https://archive.org/ (створення облікового запису безкоштовно)
506 ## - RESTRICTIONS ON ACCESS NOTE
Standardized terminology for access restriction Необхідна авторизація на https://openlibrary.org/ (створення облікового запису безкоштовно)
650 #0 - SUBJECT ADDED ENTRY--TOPICAL TERM
Topical term or geographic name as entry element Deserts
Form subdivision Juvenile literature.
650 #0 - SUBJECT ADDED ENTRY--TOPICAL TERM
Topical term or geographic name as entry element Sand
Form subdivision Juvenile literature.
650 #1 - SUBJECT ADDED ENTRY--TOPICAL TERM
Topical term or geographic name as entry element Deserts.
650 #1 - SUBJECT ADDED ENTRY--TOPICAL TERM
Topical term or geographic name as entry element Sand.
700 1# - ADDED ENTRY--PERSONAL NAME
Personal name Mohrman, Gary,
Relator term ill.
740 0# - ADDED ENTRY--UNCONTROLLED RELATED/ANALYTICAL TITLE
Uncontrolled related/analytical title Exploring sand.
856 41 - ELECTRONIC LOCATION AND ACCESS
Uniform Resource Identifier <a href="http://www.archive.org/details/exploringsanddes00bitt">http://www.archive.org/details/exploringsanddes00bitt</a>
Public note Free eBook from the Internet Archive
856 42 - ELECTRONIC LOCATION AND ACCESS
Uniform Resource Identifier <a href="http://www.openlibrary.org/books/OL1747714M">http://www.openlibrary.org/books/OL1747714M</a>
Public note Additional information and access via Open Library
942 ## - ADDED ENTRY ELEMENTS (KOHA)
Koha item type ЕКнига

Немає доступних примірників.